Отчий край. Вып. 5 (Запись № 13506303)

Подробности
000 -МАРКЕР
контрольное поле 01301nam2a2200253 4500
001 - ИДЕНТИФИКАТОР ЗАПИСИ
контрольное поле RU\NLR\BIBL_A\022572684
005 - ИДЕНТИФИКАТОР ВЕРСИИ
контрольное поле 20251218170150.0
021 ## - НОМЕР ГОСУДАРСТВЕННОЙ РЕГИСТРАЦИИ
Код страны Российская Федерация
Номер КН-П-25-025925
Номер Листа государственной регистраци КН-П-25-2581
035 ## - ДРУГИЕ СИСТЕМНЫЕ НОМЕРА
Идентификатор записи (NLR Aleph) 022572684
100 ## - ДАННЫЕ ОБЩЕЙ ОБРАБОТКИ
Данные общей обработки 20250623d2023 k y0rusy50 ca
101 0# - ЯЗЫК РЕСУРСА
Язык текста, звукозаписи и т.д. русский
102 ## - СТРАНА ПУБЛИКАЦИИ ИЛИ ПРОИЗВОДСТВА
Страна публикации Российская Федерация
105 ## - ПОЛЕ КОДИРОВАННЫХ ДАННЫХ: ТЕКСТОВЫЕ МАТЕРИАЛЫ, МОНОГРАФИЧЕСКИЕ
Кодированные данные о монографическом текстовом документе ah z 010yd
200 0# - ЗАГЛАВИЕ И СВЕДЕНИЯ ОБ ОТВЕТСТВЕННОСТИ
Основное заглавие Вып. 5
210 ## - ПУБЛИКАЦИЯ, РАСПРОСТРАНЕНИЕ И ДР.
Дата издания, распространения и т.д. 2023
215 ## - ФИЗИЧЕСКАЯ ХАРАКТЕРИСТИКА
Специфическое обозначение материала и объем 199 с.
Другие сведения о физической характеристике ил., табл., факс.
300 ## - ОБЩИЕ ПРИМЕЧАНИЯ
Текст примечания На обл.: Республика Бурятия, 100 лет
320 ## - ПРИМЕЧАНИЯ О НАЛИЧИИ В ДОКУМЕНТЕ БИБЛИОГРАФИИ / УКАЗАТЕЛЯ
Текст примечания Библиогр. в подстроч. примеч.
461 #0 - УРОВЕНЬ НАБОРА
Встроенное поле 001RU\NLR\BIBL_A\022631369
-- 2001#$aОтчий край$eкраеведческий сборник$fНациональная библиотека Республики Бурятия$g[сост.: Е. А. Голубев, Р. Д. Жаргалова]$gответственный редактор: Л. В. Гармаева$vВып. 5
Системный номер (АБИС) связанной записи 13506548
Место публикации Улан-Удэ
Дата публикации 2023–
Первые сведения об ответственности Национальная библиотека Республики Бурятия
Имя издателя, распространителя и т.д. Национальная библиотека РБ
Сведения, относящиеся к заглавию краеведческий сборник
Заглавие Отчий край
Номер тома Вып. 5
942 ## - ДОПОЛНИТЕЛЬНЫЕ ЭЛЕМЕНТЫ ЗАПИСИ (АБИС)
Тип экземпляра АБИС Книга
980 ## - КОЛЛЕКЦИЯ
Название коллекции Национальная библиография

Нет доступных экземпляров.